[Event "North Wales Congress Major"]
[Site "Llandudno"]
[Date "2019.06.23"]
[Round "5.28"]
[White "Wells, Barrie"]
[Black "Williams, Raymond"]
[Result "1/2-1/2"]
[WhiteElo "1281"]
[BlackElo "1607"]
[Annotator "kemen"]
[PlyCount "37"]
[EventDate "2019.??.??"]

{[%evp 0,37,28,20,27,-22,-20,4,28,-11,2,1,46,-10,2,-70,17,10,52,64,60,59,66,71,
95,-53,-1,4,7,7,-3,13,16,19,18,26,29,35,39,11]} 1. d4 Nf6 2. c4 e6 3. Nc3 Bb4
4. Qc2 Nc6 5. Nf3 b6 (5... d6 {main}) 6. Bg5 h6 7. Bh4 Ba6 8. e3 (8. e4 g5 9.
Bg3 g4 10. d5 gxf3 11. dxc6 dxc6 12. Rd1 Qe7 13. gxf3 e5 {Thai-Borg, AUS ch
U18, Adelaide 2009, 0-1}) 8... Na5 9. a3 Bxc3+ 10. Qxc3 Bb7 (10... g5 11. Bg3
Ne4 12. Qc2 Nxg3 13. hxg3 Bb7 14. b4 Bxf3 15. gxf3 Nb7 16. Be2 a5 17. b5 a4 18.
f4 {Vasilieva-Bychkova, UKR ch U18 girls, Kharkov 2008, 1-0}) 11. b4 Nc6 12. e4
(12. d5 $16) 12... Nxe4 (12... g5 13. Bg3 Nxe4 $15 {Komodo13}) 13. Bxd8 Nxc3
14. Bxc7 Rc8 15. Bf4 Ne4 16. Bd3 Ne7 17. O-O Ng6 18. Be3 O-O 19. Nd2 $11 (19.
Ne5 $14) 1/2-1/2

[Event "North Wales Congress Major"]
[Site "Llandudno"]
[Date "2019.06.23"]
[Round "5.29"]
[White "Hirst, Joe"]
[Black "Doherty, Paul"]
[Result "1/2-1/2"]
[WhiteElo "1604"]
[BlackElo "1738"]
[Annotator "kemen"]
[PlyCount "157"]
[EventDate "2019.??.??"]

{[%evp 0,157,19,29,26,25,68,31,30,27,72,69,76,5,8,-35,-21,-24,-37,-40,-45,-97,
-24,-20,-59,-93,2,-24,-61,-79,-21,-81,-85,-230,-263,-242,-234,-233,-228,-249,
-228,-221,-262,-246,-247,-351,-310,-314,-318,-318,-304,-380,-269,-267,-261,
-256,-246,-263,-255,-265,-236,-302,-272,-282,-254,-259,-269,-269,-264,-267,
-272,-313,-261,-289,-308,-339,-353,-400,-310,-330,-312,-321,-317,-305,-360,
-880,-943,-943,-161,-147,-160,-149,-171,-178,-176,-176,-139,-138,-112,-170,
-167,-330,-337,-338,-311,-315,-290,-694,-134,-142,-127,-141,-132,-119,-112,
-111,-111,-132,-111,-119,-111,-111,-111,-155,-111,-155,-111,-111,-111,-146,
-111,-111,0,0,0,0,0,0,0,0,0,0,0,-5,0,-5,-4,-4,0,0,0,0,0,-4,-4,-5,-5,-4,-4,-4]} 
1. e4 Nc6 2. d4 e5 (2... d5 {main}) 3. dxe5 (3. d5) (3. Nf3 {Scotch}) 3... Nxe5
4. f4 (4. Nf3) 4... Ng6 5. Nc3 (5. Nf3) 5... Bb4 (5... Bc5) 6. Bd2 (6. Qd4)
6... Nf6 {Cloud Engines} (6... Bxc3 7. Bxc3 Nxf4 8. Bxg7 Nf6 9. Bxh8 Nxe4 10.
Qf3 Qe7 11. Qxf4 Nc3+ 12. Qe5 Nd5 13. O-O-O {Nerino Escoubet-Flores,
Marseilles op 2009,1-0}) 7. e5 (7. Bd3 d6 8. Nf3 c6 9. O-O Bc5+ 10. Kh1 Ng4 11.
Qe2 O-O 12. h3 Nf6 13. Nh2 (13. g4 $16) 13... Re8 $11 {Grabner-Newrkla, Vienna
ch 2004,0-1}) 7... Bxc3 8. Bxc3 Ne4 9. Ne2 (9. Nf3) 9... Nxc3 10. bxc3 Qe7 $15
11. Qd4 (11. g3) 11... O-O 12. g3 c6 (12... Rd8 13. Bg2 d6 $17 {Komodo13}) 13.
Bg2 (13. Qd6) (13. O-O-O) 13... f6 14. Qc4+ Kh8 15. O-O (15. exf6 Rxf6 16. O-O
$11 {Komodo13}) 15... fxe5 16. f5 (16. fxe5) 16... d5 $19 17. Qg4 Qc5+ 18. Kh1
Ne7 19. Qg5 Bxf5 (19... Nxf5) 20. g4 h6 21. Qh5 Bxc2 22. g5 (22. Qxe5 Ng6 $19 {
Komodo13}) 22... Bg6 23. Qh3 Nf5 (23... h5 {Stockfish9 & Komodo13}) 24. gxh6
Nxh6 25. Qe6 Kh7 (25... Bd3 $19) 26. Qxe5 Rae8 27. Qd4 Qxd4 28. Nxd4 Rxf1+ 29.
Rxf1 Re3 30. Nf3 Rxc3 (30... Bh5) (30... Nf5) 31. Ng5+ Kg8 32. Bh3 Be4+ 33. Kg1
g6 34. Be6+ Kg7 $19 35. Bc8 Nf5 (35... Bf5 36. Bxb7 d4 $19 {Komodo13}) 36. Bxb7
Kf6 37. Nh7+ Ke5 38. Nf8 g5 (38... Ne3 39. Re1 d4 $19 {Komodo13}) 39. Nd7+ Kd4
(39... Kd6) (39... Ke6) 40. Rd1+ Ke3 41. Nf6 Rc2 (41... Bf3) 42. a4 Rg2+ 43.
Kf1 (43. Kh1 Rd2+) 43... Nh4 (43... Kf3 44. Ba6 Ne3+ $19 {Komodo13- with the
text it gets more difficult}) 44. Re1+ Kf3 45. Nxe4 dxe4 46. Bxc6 Rxh2 47.
Bxe4+ Kf4 $17 48. Bc6 Rc2 49. Re6 (49. Re4+ Kg3 50. Re3+ Kg4 51. Re4+ Kf5 52.
Ba8 Rc7 53. Kf2 g4 $17 {Komodo13}) 49... g4 50. Bb5 {the B should stay on the
long diagonal to intercept the pawn} (50. Ba8 Nf5 51. Rf6 a5 52. Bb7 Rc1+ 53.
Kg2 Rc7 54. Ba8 Re7 $17 {one of those positions where the Engine claims a win,
but fails to come up with a decisive advance.}) 50... g3 $19 (50... Nf3 $1 $19
{Komodo13} 51. Rf6+ Kg3 {and Bl threatens mate on f2} 52. Be2 (52. Rxf3+ Kxf3
53. Ke1 g3 54. Kd1 Rc7 $19) 52... Rc1+ 53. Bd1 Rxd1+ 54. Ke2 Re1+ 55. Kd3 Kf2
$19) 51. Bc6 Rc1+ (51... g2+ {Bl should take the piece-Stockfish9 & Komodo13}
52. Bxg2 Nxg2 53. a5 (53. Re7 a5) 53... Kf3 $1 (53... Ne3+ 54. Ke1 Rc7 {saving
the a pawn should eventually win}) 54. Rf6+ Nf4 55. Ke1 Ke3 56. Kd1 Rd2+ 57.
Kc1 Nd3+ 58. Kb1 Kd4 59. Ka1 (59. Rd6+ Kc3 60. Rc6+ Kb3 {and Wh has run out of
good checks}) 59... Kc3 60. Rf3 Kb3 61. Rf1 Nb4 62. Rb1+ Kc3 63. Rc1+ Nc2+ 64.
Kb1 (64. Ka2 Rd4) 64... Kb3 65. Rh1 Ne3 66. Re1 Rb2+ (66... Rd1+ {would be a
human choice}) 67. Kc1 Rc2+ 68. Kb1 Nd5 69. a6 Nc3+ 70. Ka1 Ra2# {QED}) 52. Ke2
a5 53. Rd6 (53. Kd3 g2) 53... Rc5 {Bl is being cautious to protect the a pawn}
(53... Nf5 54. Rg6 Rxc6 55. Rxc6 Nd4+ $19 {Komodo13}) 54. Rd4+ Kg5 (54... Ke5
55. Rxh4 Rxc6 56. Kf3 $11) 55. Rd5+ Rxd5 56. Bxd5 Kf4 {Lomonosov tablebases
agree its a draw , along with Stockfish9 & Komodo13.} 57. Bc6 (57. Bc4 {though
would lose} Nf3 $1) 57... Nf5 58. Kd3 Nd6 59. Bd5 Nf7 60. Ke2 Ne5 61. Bb7 Nc4
62. Bc6 Ne3 63. Bb7 Nc4 64. Ba8 Nb6 65. Bc6 g2 66. Kf2 Ke5 67. Kxg2 Kd6 68. Bb5
Kc5 69. Kf2 Kb4 70. Ke2 Nxa4 71. Be8 (71. Bxa4 {ends it as Wh reaches c1.Bl
needs to get his K to b2 to win with an a pawn} Kxa4 72. Kd1 Kb3 73. Kc1) 71...
Ka3 72. Kd2 Nc5 73. Kc2 Ne6 74. Kc3 Nc7 75. Bd7 Nd5+ 76. Kc2 Kb4 77. Kb2 Nf6
78. Bc6 Kc5 79. Ba4 1/2-1/2

[Event "North Wales Congress Major"]
[Site "Llandudno"]
[Date "2019.06.23"]
[Round "5.30"]
[White "Boulden, David"]
[Black "Barber, Andrew"]
[Result "0-1"]
[WhiteElo "1825"]
[BlackElo "1860"]
[Annotator "kemen"]
[PlyCount "146"]
[EventDate "2019.??.??"]

{[%evp 0,146,26,37,37,20,59,49,86,73,66,49,50,24,71,-106,-100,-100,-61,-181,
-175,-194,-75,-75,-10,-47,20,-83,-83,-83,81,48,67,26,26,-63,-50,-49,-56,-49,
-56,-224,-238,-176,-174,-168,-63,-204,-216,-214,-219,-203,-210,-210,-187,-180,
-188,-238,-201,-157,-159,-183,-186,-220,-121,-177,-167,-194,-185,-216,-185,
-200,-207,-199,-206,-245,-257,-258,-210,-218,-216,-249,-228,-284,-301,-310,
-298,-315,-314,-314,-309,-442,-323,-347,-343,-343,-368,-367,-333,-340,-360,
-333,-345,-345,-324,-327,-314,-319,-320,-320,-320,-319,-312,-329,-331,-424,
-406,-409,-445,-443,-395,-417,-423,-486,-480,-505,-487,-486,-508,-521,-536,
-533,-536,-547,-540,-573,-585,-652,-814,-1239,-1279,-1489,-1717,-1894,-1937,
-2022,-2053,-1844,-2458]} 1. d4 Nf6 2. Nc3 g6 3. e4 d6 4. Bg5 Bg7 5. Be2 O-O 6.
h4 (6. Qd2) (6. Nf3 {main lines}) 6... c5 7. e5 $146 (7. Nf3 {2 Wh wins, 1 Bl
win}) (7. d5 {1 Bl win}) (7. dxc5 Qa5 8. Kf1 {Cloud Engines}) 7... cxd4 8. exf6
exf6 9. Ne4 (9. Bd2 dxc3 10. Bxc3 Re8 $17) 9... fxg5 10. hxg5 Qa5+ (10... Nc6
$19) (10... Re8 $19 {both Komodo13}) 11. Kf1 $17 (11. Qd2 Qxd2+ 12. Kxd2 $17 {
Komodo13}) 11... Qe5 12. Bd3 Nc6 13. Nf3 Qe7 14. Qd2 f5 $6 (14... d5 15. Ng3 f6
$17 {Komodo13, opening up towards the Wh K}) 15. gxf6 Bxf6 16. Bc4+ (16. Re1
$16) (16. Neg5 $16) 16... Be6 17. Nxf6+ (17. Bxe6+ Qxe6 18. Qh6 Qd7 19. Neg5
Bxg5 20. Nxg5 Rf5 21. Nxh7 Qg7 22. Qd2 Ne5 23. Re1 Rc8 $11 {Komodo13}) 17...
Rxf6 (17... Qxf6 $15) 18. Bxe6+ Rxe6 (18... Qxe6 $11) 19. Ng5 Re5 20. f4 $2 (
20. Nxh7 $14) 20... Rf8 $19 21. Kg1 Re2 22. Qd3 Re1+ (22... Qe3+ 23. Qxe3 dxe3
24. Rxh7 Rxf4 25. Rg7+ Kxg7 26. Ne6+ Kh6 27. Nxf4 Rxc2 28. Re1 Ne5 29. Nd5 Rxb2
$19 {Komodo13}) (22... Rxf4 23. Qc4+ Kf8 24. Rxh7 Qe3+ 25. Kh1 Re1+ 26. Rxe1
Qxe1+ 27. Kh2 Rh4+ 28. Rxh4 Qxh4+ 29. Nh3 Qe4 $17 {Komodo13}) 23. Kh2 (23. Rxe1
Qxe1+ 24. Kh2 Qe3 25. Qc4+ Kh8 26. g3 h6 27. Kg2 Qd2+ 28. Kf1 h5 $17 {Komodo13}
) 23... Rxa1 (23... Re3 $19) 24. Qb3+ Kh8 25. Rxa1 Rxf4 $19 26. Nh3 Re4 (26...
Rf5) 27. Rf1 Ne5 28. Kh1 Re3 (28... Kg7) 29. Qd5 d3 30. cxd3 Rxd3 31. Qe4 Kg7
32. Qf4 Qf7 33. Qc1 Qc4 34. Nf4 Rd4 (34... Qxc1) 35. Qxc4 Rxc4 36. Ne6+ Kh6 37.
Rd1 Ng4 38. Kg1 d5 (38... Rc2 39. g3 Ne5 40. Rxd6 Rxb2 41. a4 Ra2 42. Rd5 Nf3+
43. Kf1 b6 44. Rd7 Rxa4 $19 {Komodo13}) 39. g3 g5 40. Nd8 b6 41. Nf7+ Kh5 42.
Nd6 Rc2 43. Nf5 Rxb2 44. Rxd5 Rxa2 45. Kf1 Kg6 46. Ke1 Nf6 47. Ne7+ Kf7 48. Re5
Ra3 (48... Ra5) 49. Nc8 Rxg3 50. Re7+ Kg6 51. Rxa7 Rb3 52. Rb7 b5 53. Ne7+ Kh5
54. Nc6 Rb2 55. Rf7 Kg6 56. Ne5+ Kf5 57. Nf3 h5 58. Rb7 Kf4 59. Nd4 Ke3 (59...
h4) 60. Nf5+ Kd3 61. Nd6 Rb1+ (61... Ne4 {also forces an exchange of Ns or Rs}
62. Nxb5 Rb1#) 62. Kf2 Ne4+ 63. Nxe4 Kxe4 64. Rh7 Rb2+ 65. Kg3 Rb3+ 66. Kg2 h4
67. Rf7 g4 68. Rg7 Rb2+ 69. Kg1 Kf3 70. Rf7+ Kg3 71. Rf1 b4 72. Kh1 b3 73. Kg1
Rc2 0-1

[Event "North Wales Congress Major"]
[Site "Llandudno"]
[Date "2019.06.23"]
[Round "5.31"]
[White "Jones, Dewi"]
[Black "Parri, Deio"]
[Result "1/2-1/2"]
[WhiteElo "1532"]
[BlackElo "1651"]
[Annotator "kemen"]
[PlyCount "45"]
[EventDate "2019.??.??"]

{[%evp 0,45,19,28,48,53,25,11,38,26,15,31,36,41,33,-25,-14,-21,21,15,70,8,25,
40,38,-15,6,-41,9,-1,1,2,0,0,0,0,-6,-89,-53,-25,-19,-14,-31,-9,0,-62,-47,-147]
} 1. e4 e6 2. d4 d5 3. exd5 exd5 4. Nf3 Nf6 (4... Bg4 5. h3 Bh5 6. Bd3 Nc6 7.
g4 Bg6 8. Bxg6 hxg6 9. Qe2+ {Jones-/^ean, rd1, 1/2-1/2}) 5. Bd3 Be7 (5... Bd6)
6. O-O O-O 7. Ne5 (7. Bg5) 7... c5 (7... Nbd7) 8. c3 c4 {releases the tension
in the centre} (8... Nc6 {4 draws,6 Bl wins}) 9. Bc2 b5 10. Nd2 (10. Bf4 Bd7 (
10... Bd6 11. Re1 Nfd7 12. Nxf7 {Zimmermann-Wilde, Cologne Ford op 2009,1-0})
11. Nd2 Nc6 12. Ndf3 Nh5 13. Qd2 {Paramio Casado-Valverde Lujan, Valladollid
CC Autumn qual 1996,0-1}) 10... Bb7 11. Re1 $14 Nbd7 12. f4 (12. Nf1 {headed
for f5}) 12... a5 13. Re3 h6 14. Qe1 Re8 15. Rh3 Ra6 16. Qg3 Ne4 17. Nxe4 dxe4
18. Nxd7 (18. Ng4 Kf8 19. f5 $14) 18... Qxd7 (18... Rg6 $17 {Komodo13}) 19. f5
Qxf5 20. Rxh6 Rxh6 21. Bxh6 g6 22. Qc7 Qd5 23. Qe5 $2 (23. Qg3) (23. Qe5 Qxe5
24. dxe5 Bc5+ 25. Kf1 Rxe5 $19 {Komodo13}) 1/2-1/2

[Event "North Wales Congress Major"]
[Site "Llandudno"]
[Date "2019.06.23"]
[Round "5.32"]
[White "Banerjee, Sanjoy K"]
[Black "Lloyd, Stephen M"]
[Result "1/2-1/2"]
[WhiteElo "1571"]
[BlackElo "1526"]
[Annotator "kemen"]
[PlyCount "140"]
[EventDate "2019.??.??"]

{[%evp 0,140,19,31,72,53,123,89,138,78,94,30,40,31,28,27,17,3,32,30,33,15,67,
33,42,17,31,13,13,-8,2,-10,0,-13,16,11,56,4,10,7,52,50,57,32,69,55,83,55,74,28,
35,13,57,60,127,75,100,100,100,96,80,80,88,74,82,0,0,0,0,0,0,-12,-10,-8,-5,-51,
-38,-44,-39,-104,-66,-114,-81,-92,-89,-89,-70,-70,-69,-83,-64,-59,-42,-42,-6,
-6,0,0,28,1,39,42,117,0,70,54,73,91,114,91,148,17,194,0,0,0,161,173,190,137,
245,243,266,382,389,268,265,295,570,677,715,715,715,308,645,725,982,982,982,93,
2,0,0]} 1. e4 c5 2. Nf3 g6 3. d4 cxd4 4. Nxd4 (4. Qxd4) 4... Nc6 5. c4 (5. Nc3)
5... Bg7 6. Be3 Nf6 7. Nc3 Ng4 (7... O-O) 8. Qxg4 Nxd4 9. Qd1 Ne6 10. Rc1 Qa5
11. Qd2 h5 (11... b6) (11... d6) (11... g5) 12. h4 (12. Bd3) (12. f4) 12... b6
13. Bd3 Bb7 14. O-O d6 (14... Bd4 15. Bxd4 Nxd4 16. Qe3 Ne6 17. a3 d6 18. Nb5
Bc6 19. b4 Qa6 20. f4 Qb7 21. f5 Nc7 22. e5 Nxb5 23. cxb5 Bxg2 24. exd6 e6 25.
Rf2 Bd5 26. Rc7 Qb8 27. fxg6 {Rizzitano-Sandrin, Mid West Masters, Chicago
1988,1-0}) 15. Bb1 Rc8 16. b3 Kd7 (16... Bc6) 17. Rfd1 Rhe8 18. Nd5 Qxd2 19.
Rxd2 Bxd5 (19... b5) (19... Nc7) 20. exd5 $14 Nc5 21. Re2 (21. b4) 21... Bf6
22. g3 Rg8 23. Rd1 a5 24. Bd4 Bxd4 25. Rxd4 a4 (25... Rb8 26. Bc2 b5 $11 {
Komodo13}) 26. b4 Na6 27. a3 Ra8 28. Bd3 Nc7 29. Be4 Ne8 30. Bg2 f5 (30... Ra7
$14) 31. Rc2 Nf6 32. c5 bxc5 33. bxc5 dxc5 34. Rxc5 Rgc8 35. Rc6 Rxc6 (35...
Rab8) 36. dxc6+ Kc7 $11 37. Rc4 e5 38. Bf1 Ne4 (38... Ra5 $15) 39. Bg2 Nd6 40.
Rc5 e4 41. Bf1 Kb6 42. Rc2 Rc8 43. Rb2+ Kxc6 44. Rc2+ Kd5 (44... Kb6 $17) 45.
Rxc8 Nxc8 46. Bb5 Nd6 (46... Nb6 $11) 47. Bxa4 Kd4 (47... Nc4 48. Be8 Nxa3 49.
Bxg6 $16) 48. Kf1 Ke5 49. Bc6 Nc4 50. a4 f4 51. Ke2 (51. Be8 $18) 51... fxg3 (
51... f3+ 52. Ke1 Na5 53. Bb5 $16) 52. fxg3 Kf5 53. Bd7+ Kf6 54. Bb5 Nd6 55.
Ba6 (55. Bc6 $18 {Komodo13}) 55... g5 (55... Ke5) 56. Bb5 (56. hxg5+ Kxg5 57.
a5 $18 {Komodo13}) 56... gxh4 57. gxh4 Ke5 (57... Nxb5 58. axb5 Ke5 $11 {it
will be an h pawn left} 59. Ke3 Kd5 60. b6 Kc6 61. Kxe4 Kxb6 62. Kf5 Kc7 63.
Kg6 Kd6 64. Kxh5 Ke7 65. Kg6 Kf8 {reaching f8 in time}) 58. Bd7 Nc4 (58... Kd4)
59. Be8 Kf4 (59... Nd6 60. Bxh5 Nf5 $11) 60. Bxh5 $18 Kg3 61. Bf7 Ne5 62. Be8 (
62. h5 Nxf7 63. a5 {neither the K nor the N can dance at two weddings. Also Ns
have trouble evading an oncoming K when stopping a R pawn ( they can only jump
in one direction)} Kh4 64. a6 Kxh5 65. a7) 62... Kxh4 63. a5 Nc4 64. a6 Nb6 {
the position is a Wh win , Nalimov endgame tablebases} 65. Ke3 (65. Bc6 Kg3 66.
Bxe4 $18) 65... Kg5 66. Kxe4 (66. a7 Kf5 67. Bc6 Ke6 68. Bxe4 {Bl will end up
in Zugzwang}) 66... Kf6 67. Kd4 Ke7 68. Kc5 Nc8 69. Bb5 (69. Ba4 $1 $18 Kd8 70.
Kc6 Ne7+ 71. Kb7 Nc8 72. Kb8 Nb6 73. a7 Ke7 74. Kc7 Na8+ 75. Kb7 $18) 69... Kd8
70. Kc6 Na7+ {and the Bl K reaches c8} 1/2-1/2

[Event "North Wales Congress Major"]
[Site "Llandudno"]
[Date "2019.06.23"]
[Round "5.33"]
[White "Hawthorne, Julian N"]
[Black "Dean, Robert A"]
[Result "1/2-1/2"]
[WhiteElo "1344"]
[BlackElo "1807"]
[Annotator "kemen"]
[PlyCount "139"]
[EventDate "2019.??.??"]

{[%evp 0,139,19,31,43,16,27,15,38,48,48,4,6,19,15,-7,36,8,6,5,26,1,16,-9,-4,
-60,-30,-60,2,-3,7,0,1,-9,2,-18,30,30,25,13,27,-4,20,2,0,0,5,-16,51,1,82,-11,
62,16,39,-27,-39,-160,-172,-179,38,38,66,57,66,66,47,12,-4,22,59,59,134,86,78,
94,359,66,82,99,95,88,78,67,64,73,72,61,62,47,42,25,167,161,172,150,161,103,
126,102,114,124,194,164,193,186,181,151,157,150,139,108,139,110,138,124,165,
124,160,191,184,29,21,14,80,12,0,0,0,0,0,0,0,0,0,-14,-11,-15,-10,-10,-10,-10]} 
1. d4 d5 2. Bf4 Nf6 3. Nc3 g6 4. e3 Bg7 5. Nb5 Na6 6. Nf3 O-O 7. Nc3 $146 (7.
h3) (7. Be2) (7. c4) 7... e6 (7... Ne4) (7... Nh5) 8. Bxa6 bxa6 {the 2 Bs &
the B file compensate for the doubled pawns} 9. O-O Bb7 10. Bg5 Qc8 11. Na4 Ne4
12. Bf4 (12. Be7 Re8 13. Ba3 {holds up c5,unless Bl plays Bf8}) 12... Rd8 13.
Nd2 Nd6 (13... Bc6 $11) 14. Nc5 Rb8 15. Ndb3 (15. b3 $16) 15... Ba8 16. Rb1 Nc4
17. Qc1 {the other scoresheet says} (17. Qe1 {either move fits in with what
follows}) 17... e5 18. dxe5 Nxe5 19. c3 Rb6 20. Qd1 Re8 21. h4 (21. Nd4) 21...
Nc4 22. Re1 Nd6 23. a4 Nf5 24. h5 Nh4 (24... Bf8 $11) 25. h6 Bf6 (25... Bf8)
26. Nd4 g5 27. Bh2 Be7 28. Qh5 (28. b4 Rxh6 29. Bg3 Nf5 30. Qf3 Nxg3 31. Qxg3
a5 $11 {Komodo13}) 28... Bxc5 $19 29. Qxg5+ Rg6 $2 (29... Ng6 $19) 30. Qxh4 $16
Be7 31. Qh5 Rg5 32. Qe2 c5 33. Bf4 (33. Nf3 Rg6 34. Ne5 Rxh6 35. Bf4 Rf6 36.
Ng4 Rg6 37. Nh6+ Kf8 38. Qh5 $18 {Komodo13}) 33... Rg6 $11 34. Nf3 d4 (34...
Qg4 35. Bg3 (35. g3 Bd6 36. Bxd6 Rxd6 37. Nh2 Qxe2 38. Rxe2 Rxh6 $11) 35...
Rxh6 $11 {Komodo13}) 35. exd4 Qg4 36. Bg3 Rxh6 37. Nh2 (37. Qd2 Qh5 38. Nh2 $18
{Komodo13}) 37... Qg6 (37... Qxe2 38. Rxe2 cxd4 39. cxd4 Bd5 40. Re5 Bb3 41.
Rc1 Bxa4 42. Rc7 $16 {Komodo13}) 38. Qg4 (38. Ng4 Rh5 39. Nf6+ $18 {Komodo13})
38... Qxg4 39. Nxg4 Rg6 40. Ne5 Re6 41. Ng4 cxd4 42. Rxe6 fxe6 43. cxd4 $16 Rc8
44. Re1 Bd5 45. Ne3 Bb4 (45... Bb3 46. Ra1 a5 47. Be5) 46. Nxd5 exd5 47. Re2 (
47. Re5 $18 {Komodo13}) 47... Rc4 48. Be5 (48. Re8+ Kf7 49. Ra8 Rxd4 50. Rxa7+
Ke8 51. Rxa6 $18 {Komodo13}) 48... Ba5 49. b3 Rc3 50. Re3 Rc2 51. f4 $18 (51.
Rg3+ Kf8 52. Rh3 Kg8 53. Rh6 Bb6 54. Rd6 $18 {Komodo13}) 51... Bb6 52. Rg3+ Kf8
53. f5 (53. Kf1 $18) (53. Rh3 $18) 53... Re2 54. Kh2 Re4 55. Rd3 Kf7 56. f6 $18
(56. b4 $18) 56... Rg4 57. Kh3 (57. Rh3 Kg6 58. Rxh7 Kxh7 59. f7 Rf4 60. Bxf4
Kg7 61. Be5+ Kxf7 62. b4 $18 {Komodo13}) 57... h5 58. b4 a5 59. bxa5 (59. b5)
59... Bxa5 60. Rg3 (60. Rb3 Bb6 61. g3 Rg8 62. Rb5 $18 {Komodo13}) 60... Rxg3+
61. Kxg3 Be1+ $11 (61... Bd2 $11) 62. Kh3 a6 63. g3 Kg6 64. Kh4 Bd2 65. f7 Bg5+
66. Kh3 Kxf7 67. Kg2 Ke6 68. Kf3 Kf5 69. Bh8 Bc1 70. Be5 1/2-1/2

[Event "North Wales Congress Major"]
[Site "Llandudno"]
[Date "2019.06.23"]
[Round "5.34"]
[White "Lambert, John F"]
[Black "Sutcliffe, John"]
[Result "1-0"]
[WhiteElo "1788"]
[BlackElo "1653"]
[Annotator "kemen"]
[PlyCount "82"]
[EventDate "2019.??.??"]

{[%evp 0,82,31,27,27,13,19,4,55,39,43,18,19,9,13,17,33,28,38,36,18,12,18,-12,8,
7,3,2,12,9,74,44,100,21,99,84,128,76,96,36,88,15,96,-20,-32,-162,20,-137,52,55,
94,94,107,76,93,74,134,8,20,-201,129,-312,125,125,125,119,124,115,131,89,122,
131,134,131,129,134,134,134,297,342,439,481,524,681,745]} 1. d4 Nf6 2. e3 g6 3.
Nf3 b6 4. Bd3 Bb7 5. Nbd2 d5 6. Qe2 Bg7 7. e4 (7. O-O {main}) 7... dxe4 8. Nxe4
O-O (8... Nbd7 {1.5-0.5}) 9. O-O (9. c3 {transposes; 2 Wh wins, 5 draws & 5 Bl
wins}) (9. Bf4 {1 draw, 2 Bl wins}) 9... Nbd7 10. Bg5 (10. Re1) 10... Re8 11.
Ne5 $146 (11. Rfe1 {2 Wh wins, 6 draws, 2 Bl wins}) (11. Rad1 {Cloud Engines;
2 Wh wins, 1 draw,1 Bl win}) 11... Nxe4 (11... h6 12. Bh4 c5 $15 {Komodo13})
12. Bxe4 Bxe4 13. Qxe4 Nf6 (13... Nxe5 14. dxe5 Qd7 15. Rad1 Qe6 $11) 14. Qh4
Qd5 15. c4 Qe6 (15... Qd6 $14) 16. Rfe1 Qd6 (16... Nd7 $11) 17. Rad1 Rad8 18.
Nf3 (18. d5 $18) 18... Qd7 19. h3 h5 20. g3 Qf5 21. Bf4 $2 (21. Kg2) 21... c5 (
21... Nh7 $19 {Komodo13}) 22. d5 (22. Kg2) 22... Qc2 (22... Nh7 $19) 23. Rd2
Qf5 (23... Qxc4 $19) 24. Rde2 Kf8 (24... Nh7 25. Rxe7 Rf8 26. Bc7 Bf6 (26...
Qxf3 27. Bxd8 Bf6 28. Qf4 Qxf4 29. gxf4 Rxd8 30. Re8+ Kg7 31. Rxd8 Bxd8 32. Re8
Bh4 33. Ra8 Nf6 34. Rxa7 Ne4 35. Rb7 $16) 27. Qe4 Bxe7 28. Qxf5 gxf5 29. Rxe7
Rde8 30. Rxe8 Rxe8 31. Kf1 $11 {Komodo13}) 25. Ng5 (25. Kg2 $18) 25... Kg8 26.
Rxe7 Rxe7 27. Rxe7 Rd7 (27... Re8) 28. Rxd7 (28. Re1 $18) 28... Nxd7 $11 29.
Nf3 (29. Bd2) 29... f6 (29... Bf6 $1 30. Ng5 (30. Bg5 Ne5 31. Qf4 Nxf3+ 32. Kg2
Nxg5 $19) 30... Ne5 31. Kg2 Nxc4 $19 {Komodo13}) 30. Be3 $2 {last round nerves
& timetrouble} (30. Kg2 $18) 30... Ne5 (30... Qxf3 $19) 31. Nxe5 Qxe5 32. Qf4
f5 33. Qxe5 Bxe5 34. Kf1 (34. b3) 34... Kf7 (34... Bxb2) 35. b3 Ke7 36. h4 Kd6
37. Ke2 a6 38. Kf3 (38. Bf4 $18 {forces off the Bs}) 38... b5 39. Bf4 b4 40.
Ke3 a5 41. Kf3 Bxf4 1-0

[Event "North Wales Congress Major"]
[Site "Llandudno"]
[Date "2019.06.23"]
[Round "5.35"]
[White "Spencer, Elliott"]
[Black "Roberts, Malcolm A"]
[Result "1/2-1/2"]
[WhiteElo "1743"]
[BlackElo "1616"]
[Annotator "kemen"]
[PlyCount "41"]
[EventDate "2019.??.??"]

{[%evp 0,41,19,31,34,12,12,0,12,10,1,1,51,44,42,36,43,22,81,37,47,51,54,21,28,
-6,-16,-29,-4,-56,-47,-55,17,-4,-29,-37,-44,-38,-44,-49,-47,-47,-37,-43]} 1. e4
e6 2. d3 d5 3. Nd2 dxe4 (3... Nf6 {main}) 4. dxe4 Nc6 (4... Nf6) (4... e5) 5.
Ngf3 g6 {3 Wh wins,2 draws} (5... Bc5) (5... Nf6) (5... e5) 6. c3 Bg7 (6... Bh6
7. Bc4 e5 8. O-O Bg4 9. Qc2 Nge7 10. h3 Bxf3 11. Nxf3 Bxc1 12. Raxc1 Qd6 13. b4
O-O 14. Rcd1 Qf6 15. Rd7 {Testa-Battistelli, ITA ch U20, Bratto 2006,1-0}) 7.
Bb5 Bd7 (7... a6 8. Bxc6+ bxc6 9. O-O Ne7 10. Nb3 O-O 11. Bg5 f6 12. Be3 e5 13.
Bc5 Kf7 14. Qe2 Be6 {Baranyuk-Pena, Wld ch U10, Oropesa del Mar 1999,1/2-1/2})
8. O-O $16 Nge7 9. Qc2 O-O 10. Nb3 a6 11. Bxc6 (11. Be2) 11... Nxc6 12. Be3 b6
13. Rfd1 Qe7 14. Rd2 Rfd8 (14... e5 $17) 15. Rad1 Be8 16. Nbd4 e5 17. Nxc6 Bxc6
18. Rxd8+ Rxd8 19. Rxd8+ Qxd8 20. Nd2 Qd7 21. f3 (21. f3 f5 $15 {because of 2
Bs, but not much in it}) 1/2-1/2